| 000 -LEADER |
| fixed length control field |
00430pab a2200169 454500 |
| 008 - FIXED-LENGTH DATA ELEMENTS--GENERAL INFORMATION |
| fixed length control field |
180718b1983 xxu||||| |||| 00| 0 eng d |
| 100 ## - MAIN ENTRY--PERSONAL NAME |
| Personal name |
Algie, J. |
| 245 ## - TITLE STATEMENT |
| Title |
Financial cutback decisions by priority scaling |
| 260 ## - PUBLICATION, DISTRIBUTION, ETC. |
| Date of publication, distribution, etc. |
1983 |
| 300 ## - PHYSICAL DESCRIPTION |
| Extent |
233-60 |
| 362 ## - DATES OF PUBLICATION AND/OR SEQUENTIAL DESIGNATION |
| Dates of publication and/or sequential designation |
Apr. |
| 650 ## - SUBJECT ADDED ENTRY--TOPICAL TERM |
| Topical term or geographic name entry element |
Social Service - Finance - U.K. |
| 700 ## - ADDED ENTRY--PERSONAL NAME |
| Personal name |
W. Foster |
| 700 ## - ADDED ENTRY--PERSONAL NAME |
| Personal name |
G. Mallen |
| 773 ## - HOST ITEM ENTRY |
| Main entry heading |
Journal of Management Studies |
| 909 ## - |
| -- |
18279 |